| 000 | 00841nam a2200229 a 4500 | ||
|---|---|---|---|
| 001 | 44746 | ||
| 003 | BD-RjUL | ||
| 005 | 20211209053917.0 | ||
| 008 | 160720s1998 b a|||| |||| 00| 0 ben d | ||
| 020 | _c: TK 50.00 | ||
| 035 | _a(BD-RjUL)44864 | ||
| 040 |
_aBD-RjUL _bben _cBD-RjUL |
||
| 041 | _aben | ||
| 082 |
_223 _a891.44108 _bUDE 1998 |
||
| 100 | 1 |
_aউদ্দীন, তামিজ _9137185 |
|
| 245 | 1 | 0 |
_aএগার জনের হৃদয়ের চর্যপদ / _cতামিজ উদ্দীন |
| 260 |
_aশিবগঞ্জ : _bকবিতা ও কথা প্রকাশন, |
||
| 300 |
_a৯৬ পৃ. : _bচিত্র ; _c২১ সেমি. |
||
| 650 |
_aবাংলা _v কবিতা _xসংগ্রহ _9137186 |
||
| 650 |
_aBengali _vPoetry _xColiection _9137187 |
||
| 942 |
_2ddc _cBK |
||
| 999 |
_c44746 _d44746 |
||